|
|
|
|
| LEADER |
00000nam0a2200000 4500 |
| 001 |
50444 |
| 005 |
20231031033101.0 |
| 035 |
|
|
|a (RuTPU)RU\TPU\book\52824
|
| 090 |
|
|
|a 50444
|
| 100 |
|
|
|a 20030416d1980 km y0rusy50 ca
|
| 101 |
0 |
|
|a rus
|
| 102 |
|
|
|a RU
|
| 105 |
|
|
|a a z 001zy
|
| 200 |
1 |
|
|a Электробезопасность в машиностроении
|f Б. А. Князевский, А. И. Ревякин, Н. А. Чекалин, Л. Е. Трунковский
|
| 210 |
|
|
|a Москва
|c Машиностроение
|d 1980
|
| 215 |
|
|
|a 240 с.
|c ил.
|
| 320 |
|
|
|a Библиогр.: с. 237-238.
|
| 610 |
1 |
|
|a машиностроение
|
| 610 |
1 |
|
|a машиностроительная промышленность
|
| 610 |
1 |
|
|a машиностроительные заводы
|
| 610 |
1 |
|
|a электробезопасность
|
| 610 |
1 |
|
|a охрана труда
|
| 610 |
1 |
|
|a электрический ток
|
| 610 |
1 |
|
|a действие
|
| 610 |
1 |
|
|a организм человека
|
| 610 |
1 |
|
|a поражения
|
| 610 |
1 |
|
|a защита
|
| 610 |
1 |
|
|a техника безопасности
|
| 610 |
1 |
|
|a электроустановки
|
| 610 |
1 |
|
|a эксплуатация
|
| 610 |
1 |
|
|a электрические сети
|
| 610 |
1 |
|
|a электрооборудование
|
| 610 |
1 |
|
|a электростатика
|
| 610 |
1 |
|
|a электромагнитные излучения
|
| 610 |
1 |
|
|a рентгеновское излучение
|
| 610 |
1 |
|
|a лазерное излучение
|
| 675 |
|
|
|a 621.002.5
|v 3
|
| 701 |
|
1 |
|a Князевский
|b Б. А.
|g Борис Александрович
|
| 701 |
|
1 |
|a Ревякин
|b А. И.
|g Александр Иванович
|
| 701 |
|
1 |
|a Чекалин
|b Н. А.
|g Николай Александрович
|
| 701 |
|
1 |
|a Трунковский
|b Л. Е.
|g Лазарь Емельянович
|
| 801 |
|
1 |
|a RU
|b 63413507
|c 20030416
|g PSBO
|
| 801 |
|
2 |
|a RU
|b 63413507
|c 20211207
|g PSBO
|
| 942 |
|
|
|c BK
|